00475nam a2200157 450000500170000001000140001702000260003103500140005703700130007108200060008410000210009024500610011126000450017227000790021730000210029620210302130029.0 aEN-127593 c599.00a9789351952817 aEN-111125 bDBAD/PUB aN aBhaskar, Dharini aThese Our Bodies Possessed by light/bby Dharini Bhaskar aGurugrambHachette Book Publishingc2019 a4th & 5th Floors, Corporate Centre, Plot no 094, Sec44, bGurugrame122003 a328p.c23cm(hbk)